<?xml version="1.0" encoding="UTF-8"?>
<collection xmlns="http://www.loc.gov/MARC21/slim">
 <record>
  <leader>05108cam a2200913   4500</leader>
  <controlfield tag="001">860255158</controlfield>
  <controlfield tag="003">DE-627</controlfield>
  <controlfield tag="005">20241008114003.0</controlfield>
  <controlfield tag="007">tu</controlfield>
  <controlfield tag="008">160601s2016    gw ||||| m    00| ||ger c</controlfield>
  <datafield tag="015" ind1=" " ind2=" ">
   <subfield code="a">16,N22</subfield>
   <subfield code="2">dnb</subfield>
  </datafield>
  <datafield tag="016" ind1="7" ind2=" ">
   <subfield code="a">1101834897</subfield>
   <subfield code="2">DE-101</subfield>
  </datafield>
  <datafield tag="020" ind1=" " ind2=" ">
   <subfield code="a">9783731902683</subfield>
   <subfield code="c"> : Festeinband : circa EUR 39.00 (DE), circa EUR 40.10 (AT), circa sfr 44.90 (freier Preis)</subfield>
   <subfield code="9">978-3-7319-0268-3</subfield>
  </datafield>
  <datafield tag="020" ind1=" " ind2=" ">
   <subfield code="a">3731902680</subfield>
   <subfield code="9">3-7319-0268-0</subfield>
  </datafield>
  <datafield tag="024" ind1="3" ind2=" ">
   <subfield code="a">9783731902683</subfield>
  </datafield>
  <datafield tag="035" ind1=" " ind2=" ">
   <subfield code="a">(DE-627)860255158</subfield>
  </datafield>
  <datafield tag="035" ind1=" " ind2=" ">
   <subfield code="a">(DE-576)470903821</subfield>
  </datafield>
  <datafield tag="035" ind1=" " ind2=" ">
   <subfield code="a">(DE-599)DNB1101834897</subfield>
  </datafield>
  <datafield tag="035" ind1=" " ind2=" ">
   <subfield code="a">(OCoLC)951121346</subfield>
  </datafield>
  <datafield tag="035" ind1=" " ind2=" ">
   <subfield code="a">(OCoLC)985551286</subfield>
  </datafield>
  <datafield tag="040" ind1=" " ind2=" ">
   <subfield code="a">DE-627</subfield>
   <subfield code="b">ger</subfield>
   <subfield code="c">DE-627</subfield>
   <subfield code="e">rda</subfield>
  </datafield>
  <datafield tag="041" ind1=" " ind2=" ">
   <subfield code="a">ger</subfield>
  </datafield>
  <datafield tag="044" ind1=" " ind2=" ">
   <subfield code="c">XA-DE-HE</subfield>
  </datafield>
  <datafield tag="050" ind1=" " ind2="0">
   <subfield code="a">NA5543</subfield>
  </datafield>
  <datafield tag="082" ind1="0" ind2=" ">
   <subfield code="a">726.80940901</subfield>
   <subfield code="q">DE-101</subfield>
   <subfield code="2">22/ger</subfield>
  </datafield>
  <datafield tag="082" ind1="0" ind2="4">
   <subfield code="a">720</subfield>
   <subfield code="a">230</subfield>
   <subfield code="q">DE-101</subfield>
  </datafield>
  <datafield tag="082" ind1="0" ind2="4">
   <subfield code="a">720</subfield>
  </datafield>
  <datafield tag="084" ind1=" " ind2=" ">
   <subfield code="a">720#DNB</subfield>
   <subfield code="2">sdnb</subfield>
  </datafield>
  <datafield tag="084" ind1=" " ind2=" ">
   <subfield code="a">9,10</subfield>
   <subfield code="2">ssgn</subfield>
  </datafield>
  <datafield tag="084" ind1=" " ind2=" ">
   <subfield code="a">LH 67690</subfield>
   <subfield code="q">OBV</subfield>
   <subfield code="2">rvk</subfield>
   <subfield code="0">(DE-625)rvk/94655:154</subfield>
  </datafield>
  <datafield tag="084" ind1=" " ind2=" ">
   <subfield code="a">LK 79691</subfield>
   <subfield code="q">BVB</subfield>
   <subfield code="2">rvk</subfield>
   <subfield code="0">(DE-625)rvk/98292:155</subfield>
  </datafield>
  <datafield tag="084" ind1=" " ind2=" ">
   <subfield code="a">15.18</subfield>
   <subfield code="2">bkl</subfield>
  </datafield>
  <datafield tag="084" ind1=" " ind2=" ">
   <subfield code="a">21.70</subfield>
   <subfield code="2">bkl</subfield>
  </datafield>
  <datafield tag="100" ind1="1" ind2=" ">
   <subfield code="a">Claussen, Hilde</subfield>
   <subfield code="d">1919-2009</subfield>
   <subfield code="e">VerfasserIn</subfield>
   <subfield code="0">(DE-588)143338420</subfield>
   <subfield code="0">(DE-627)645121789</subfield>
   <subfield code="0">(DE-576)160588596</subfield>
   <subfield code="4">aut</subfield>
  </datafield>
  <datafield tag="245" ind1="1" ind2="0">
   <subfield code="a">Heiligengräber im Frankenreich</subfield>
   <subfield code="b">ein Beitrag zur Kunstgeschichte des Frühmittelalters</subfield>
   <subfield code="c">Hilde Claussen ; herausgegeben und mit einer Einleitung versehen von Uwe Lobbedey</subfield>
  </datafield>
  <datafield tag="264" ind1=" " ind2="1">
   <subfield code="a">Petersberg</subfield>
   <subfield code="b">Michael Imhof Verlag</subfield>
   <subfield code="c">[2016]</subfield>
  </datafield>
  <datafield tag="300" ind1=" " ind2=" ">
   <subfield code="a">200 Seiten</subfield>
   <subfield code="b">Illustrationen, Pläne</subfield>
   <subfield code="c">30 cm</subfield>
  </datafield>
  <datafield tag="336" ind1=" " ind2=" ">
   <subfield code="a">Text</subfield>
   <subfield code="b">txt</subfield>
   <subfield code="2">rdacontent</subfield>
  </datafield>
  <datafield tag="337" ind1=" " ind2=" ">
   <subfield code="a">ohne Hilfsmittel zu benutzen</subfield>
   <subfield code="b">n</subfield>
   <subfield code="2">rdamedia</subfield>
  </datafield>
  <datafield tag="338" ind1=" " ind2=" ">
   <subfield code="a">Band</subfield>
   <subfield code="b">nc</subfield>
   <subfield code="2">rdacarrier</subfield>
  </datafield>
  <datafield tag="500" ind1=" " ind2=" ">
   <subfield code="a">Der Hinweis auf die Dissertation wurde der Einleitung entnommen: Das vorliegende Buch enthält den fast unveränderten Text der von Hilde Claussen (1919-2009) an der Universität Marburg 1950 eingereichten Dissertation</subfield>
  </datafield>
  <datafield tag="500" ind1=" " ind2=" ">
   <subfield code="a">&quot;Das vorliegende Buch enthält den fast unveränderten Text der von Hilde Claussen (1919-2009) an der Universität Marburg 1950 eingereichten Dissertation.&quot;</subfield>
  </datafield>
  <datafield tag="502" ind1=" " ind2=" ">
   <subfield code="b">Dissertation</subfield>
   <subfield code="c">Philipps-Universität Marburg</subfield>
   <subfield code="d">1950</subfield>
  </datafield>
  <datafield tag="583" ind1="1" ind2=" ">
   <subfield code="a">Archivierung/Langzeitarchivierung gewährleistet</subfield>
   <subfield code="f">SSG</subfield>
   <subfield code="x">XA-DE-BW</subfield>
   <subfield code="2">pdager</subfield>
   <subfield code="5">DE-16</subfield>
  </datafield>
  <datafield tag="650" ind1=" " ind2="0">
   <subfield code="a">Christian saints</subfield>
   <subfield code="x">Tombs</subfield>
   <subfield code="z">France</subfield>
  </datafield>
  <datafield tag="650" ind1=" " ind2="0">
   <subfield code="a">Christian saints</subfield>
   <subfield code="x">Cult</subfield>
   <subfield code="z">France</subfield>
  </datafield>
  <datafield tag="650" ind1=" " ind2="0">
   <subfield code="a">Tombs</subfield>
   <subfield code="z">France</subfield>
  </datafield>
  <datafield tag="650" ind1=" " ind2="0">
   <subfield code="a">Sepulchral monuments, Medieval</subfield>
   <subfield code="z">France</subfield>
  </datafield>
  <datafield tag="650" ind1=" " ind2="0">
   <subfield code="a">Sarcophagi, Medieval</subfield>
   <subfield code="z">France</subfield>
  </datafield>
  <datafield tag="650" ind1=" " ind2="0">
   <subfield code="a">Reliquaries, Medieval</subfield>
   <subfield code="z">France</subfield>
  </datafield>
  <datafield tag="650" ind1=" " ind2="0">
   <subfield code="a">Christian shrines</subfield>
   <subfield code="z">France</subfield>
  </datafield>
  <datafield tag="650" ind1=" " ind2="0">
   <subfield code="a">Christian art and symbolism</subfield>
   <subfield code="z">France</subfield>
   <subfield code="y">Medieval, 500-1500</subfield>
  </datafield>
  <datafield tag="655" ind1=" " ind2="7">
   <subfield code="a">Hochschulschrift</subfield>
   <subfield code="0">(DE-588)4113937-9</subfield>
   <subfield code="0">(DE-627)105825778</subfield>
   <subfield code="0">(DE-576)209480580</subfield>
   <subfield code="2">gnd-content</subfield>
  </datafield>
  <datafield tag="689" ind1="0" ind2="0">
   <subfield code="d">g</subfield>
   <subfield code="0">(DE-588)4071332-5</subfield>
   <subfield code="0">(DE-627)106098217</subfield>
   <subfield code="0">(DE-576)209183357</subfield>
   <subfield code="a">Fränkisches Reich</subfield>
   <subfield code="2">gnd</subfield>
  </datafield>
  <datafield tag="689" ind1="0" ind2="1">
   <subfield code="d">s</subfield>
   <subfield code="0">(DE-588)4021732-2</subfield>
   <subfield code="0">(DE-627)104467118</subfield>
   <subfield code="0">(DE-576)20893961X</subfield>
   <subfield code="a">Grabmal</subfield>
   <subfield code="2">gnd</subfield>
  </datafield>
  <datafield tag="689" ind1="0" ind2="2">
   <subfield code="d">s</subfield>
   <subfield code="0">(DE-588)4117606-6</subfield>
   <subfield code="0">(DE-627)104540605</subfield>
   <subfield code="0">(DE-576)209511389</subfield>
   <subfield code="a">Heilige</subfield>
   <subfield code="2">gnd</subfield>
  </datafield>
  <datafield tag="689" ind1="0" ind2="3">
   <subfield code="d">s</subfield>
   <subfield code="0">(DE-588)4024052-6</subfield>
   <subfield code="0">(DE-627)106300547</subfield>
   <subfield code="0">(DE-576)20895290X</subfield>
   <subfield code="a">Heiligenverehrung</subfield>
   <subfield code="2">gnd</subfield>
  </datafield>
  <datafield tag="689" ind1="0" ind2="4">
   <subfield code="a">z</subfield>
   <subfield code="2">gnd</subfield>
   <subfield code="a">Geschichte 300-900</subfield>
  </datafield>
  <datafield tag="689" ind1="0" ind2=" ">
   <subfield code="5">DE-101</subfield>
  </datafield>
  <datafield tag="700" ind1="1" ind2=" ">
   <subfield code="a">Lobbedey, Uwe</subfield>
   <subfield code="d">1937-2021</subfield>
   <subfield code="e">HerausgeberIn</subfield>
   <subfield code="e">VerfasserIn einer Einleitung</subfield>
   <subfield code="0">(DE-588)121390926</subfield>
   <subfield code="0">(DE-627)08127727X</subfield>
   <subfield code="0">(DE-576)292685955</subfield>
   <subfield code="4">edt</subfield>
   <subfield code="4">win</subfield>
  </datafield>
  <datafield tag="710" ind1="2" ind2=" ">
   <subfield code="a">Michael Imhof Verlag</subfield>
   <subfield code="e">Verlag</subfield>
   <subfield code="0">(DE-588)1065428324</subfield>
   <subfield code="0">(DE-627)816749604</subfield>
   <subfield code="0">(DE-576)425151581</subfield>
   <subfield code="4">pbl</subfield>
  </datafield>
  <datafield tag="710" ind1="2" ind2=" ">
   <subfield code="a">Philipps-Universität Marburg</subfield>
   <subfield code="e">Grad-verleihende Institution</subfield>
   <subfield code="0">(DE-588)2001630-X</subfield>
   <subfield code="0">(DE-627)101389515</subfield>
   <subfield code="0">(DE-576)191577251</subfield>
   <subfield code="4">dgg</subfield>
  </datafield>
  <datafield tag="751" ind1=" " ind2=" ">
   <subfield code="a">Marburg</subfield>
   <subfield code="0">(DE-588)4037446-4</subfield>
   <subfield code="0">(DE-627)106237454</subfield>
   <subfield code="0">(DE-576)209024305</subfield>
   <subfield code="4">uvp</subfield>
  </datafield>
  <datafield tag="787" ind1="0" ind2="8">
   <subfield code="i">Rezensiert in</subfield>
   <subfield code="a">Beuckers, Klaus Gereon, 1966 - </subfield>
   <subfield code="t">[Rezension von: Hilde Claussen, Heiligengräber im Frankenreich, ein Beitrag zur Kunstgeschichte des Frühmittelalters]</subfield>
   <subfield code="d">Regensburg : Verlag Schnell &amp; Steiner, 2017</subfield>
   <subfield code="w">(DE-627)1746378824</subfield>
  </datafield>
  <datafield tag="856" ind1="4" ind2="2">
   <subfield code="u">http://d-nb.info/1101834897/04</subfield>
   <subfield code="m">B:DE-101</subfield>
   <subfield code="q">pdf/application</subfield>
   <subfield code="v">20161027003401</subfield>
   <subfield code="x">Verlag</subfield>
   <subfield code="3">Inhaltsverzeichnis</subfield>
  </datafield>
  <datafield tag="935" ind1=" " ind2=" ">
   <subfield code="a">mteo</subfield>
  </datafield>
  <datafield tag="935" ind1=" " ind2=" ">
   <subfield code="i">Blocktest</subfield>
  </datafield>
  <datafield tag="936" ind1="r" ind2="v">
   <subfield code="a">LH 67690</subfield>
   <subfield code="b">allgemein</subfield>
   <subfield code="k">Kunstgeschichte</subfield>
   <subfield code="k">Allgemeines. Allgemeine Kunstgeschichte</subfield>
   <subfield code="k">Kunstgeschichte einzelner Gattungen der Kunst</subfield>
   <subfield code="k">Architektur</subfield>
   <subfield code="k">Ordnung nach Aufgaben</subfield>
   <subfield code="k">Grabbauten, Friedhöfe, Ehrenmale, Gedenkstätten</subfield>
   <subfield code="k">allgemein</subfield>
   <subfield code="0">(DE-627)127110640X</subfield>
   <subfield code="0">(DE-625)rvk/94655:154</subfield>
   <subfield code="0">(DE-576)20110640X</subfield>
  </datafield>
  <datafield tag="936" ind1="r" ind2="v">
   <subfield code="a">LK 79691</subfield>
   <subfield code="b">Spätantike, Frühmittelalter (-1000)</subfield>
   <subfield code="k">Kunstgeschichte</subfield>
   <subfield code="k">Kunst nach Ländern bzw. Kontinenten</subfield>
   <subfield code="k">Deutschland</subfield>
   <subfield code="k">Deutsche Kunstgeschichte nach Gattungen</subfield>
   <subfield code="k">Architektur</subfield>
   <subfield code="k">Ordnung nach Aufgaben</subfield>
   <subfield code="k">Grabbauten, Friedhöfe; Ehrenmale, Gedenkstätten</subfield>
   <subfield code="k">Spätantike, Frühmittelalter (-1000)</subfield>
   <subfield code="0">(DE-627)1274802210</subfield>
   <subfield code="0">(DE-625)rvk/98292:155</subfield>
   <subfield code="0">(DE-576)204802210</subfield>
  </datafield>
  <datafield tag="936" ind1="b" ind2="k">
   <subfield code="a">15.18</subfield>
   <subfield code="j">Mittelalterliche Archäologie</subfield>
   <subfield code="j">neuzeitliche Archäologie</subfield>
   <subfield code="0">(DE-627)10641416X</subfield>
  </datafield>
  <datafield tag="936" ind1="b" ind2="k">
   <subfield code="a">21.70</subfield>
   <subfield code="j">Geschichte der Sakralbaukunst</subfield>
   <subfield code="0">(DE-627)106421255</subfield>
  </datafield>
  <datafield tag="951" ind1=" " ind2=" ">
   <subfield code="a">BO</subfield>
  </datafield>
  <datafield tag="990" ind1=" " ind2=" ">
   <subfield code="a">Fränkisches Reich</subfield>
  </datafield>
  <datafield tag="990" ind1=" " ind2=" ">
   <subfield code="a">Grabmal</subfield>
  </datafield>
  <datafield tag="990" ind1=" " ind2=" ">
   <subfield code="a">Heilige</subfield>
  </datafield>
  <datafield tag="990" ind1=" " ind2=" ">
   <subfield code="a">Heiligenverehrung</subfield>
  </datafield>
  <datafield tag="990" ind1=" " ind2=" ">
   <subfield code="a">Geschichte 300-900</subfield>
  </datafield>
  <datafield tag="991" ind1=" " ind2=" ">
   <subfield code="a">Rezensiertes Werk</subfield>
  </datafield>
  <datafield tag="999" ind1=" " ind2=" ">
   <subfield code="a">KXP-PPN860255158</subfield>
   <subfield code="e">4108051416</subfield>
  </datafield>
 </record>
</collection>
